How do apples grow? / (Record no. 3689)

MARC details
000 -LEADER
fixed length control field 01195cam a2200349 a 4500
001 - CONTROL NUMBER
control field 3689
003 - CONTROL NUMBER IDENTIFIER
control field FISKH
005 - DATE AND TIME OF LATEST TRANSACTION
control field 20240411094646.0
008 - FIXED-LENGTH DATA ELEMENTS--GENERAL INFORMATION
fixed length control field 910207s1992 nyua j 000 0 eng
010 ## - LIBRARY OF CONGRESS CONTROL NUMBER
LC control number 91009468
020 ## - INTERNATIONAL STANDARD BOOK NUMBER
International Standard Book Number 0439211638
040 ## - CATALOGING SOURCE
Original cataloging agency DLC
Transcribing agency DLC
Modifying agency DLC
Language of cataloging eng
050 00 - LIBRARY OF CONGRESS CALL NUMBER
Classification number QK827
Item number .M33 1992
082 00 - DEWEY DECIMAL CLASSIFICATION NUMBER
Classification number 582/.0166
Edition number 20
100 1# - MAIN ENTRY--PERSONAL NAME
Personal name Maestro, Betsy.
245 10 - TITLE STATEMENT
Title How do apples grow? /
Statement of responsibility, etc. by Betsy Maestro ; illustrated by Giulio Maestro.
250 ## - EDITION STATEMENT
Edition statement First Scholastic printing, September 2000
260 ## - PUBLICATION, DISTRIBUTION, ETC.
Place of publication, distribution, etc. New York :
Name of publisher, distributor, etc. Scholastic,
Date of publication, distribution, etc. 1992.
300 ## - PHYSICAL DESCRIPTION
Extent 32 pages :
Other physical details color illustrations ;
Dimensions 18 x 23 cm.
440 #0 - SERIES STATEMENT/ADDED ENTRY--TITLE
Title Let's-read-and-find-out science book
520 ## - SUMMARY, ETC.
Summary, etc. Describes the life cycle of an apple from its initial appearance as a spring bud to that point in time when it becomes a fully ripe fruit.
521 8# - TARGET AUDIENCE NOTE
Target audience note 550<br/>
Source Lexile <br/>
521 8# - TARGET AUDIENCE NOTE
Target audience note M'<br/>
Source Raz-Plus <br/>
650 #0 - SUBJECT ADDED ENTRY--TOPICAL TERM
Topical term or geographic name entry element Apples
General subdivision Development
-- Juvenile literature.
650 #1 - SUBJECT ADDED ENTRY--TOPICAL TERM
Topical term or geographic name entry element Apples.
650 #1 - SUBJECT ADDED ENTRY--TOPICAL TERM
Topical term or geographic name entry element Rose family (Plants)
650 #1 - SUBJECT ADDED ENTRY--TOPICAL TERM
Topical term or geographic name entry element Plants
General subdivision Development.
700 1# - ADDED ENTRY--PERSONAL NAME
Personal name Maestro, Giulio,
Relator term illustrator
906 ## - LOCAL DATA ELEMENT F, LDF (RLIN)
a 7
b cbc
c orignew
d 1
e ocip
f 19
g y-gencatlg
942 ## - ADDED ENTRY ELEMENTS (KOHA)
Source of classification or shelving scheme Dewey Decimal Classification
Koha item type Books
Suppress in OPAC No
Holdings
Withdrawn status Lost status Source of classification or shelving scheme Damaged status Not for loan Collection Home library Current library Shelving location Date acquired Total Checkouts Full call number Barcode Date last seen Price effective from Koha item type
    Dewey Decimal Classification     Non-Fiction Footprints International School Library Network Toul Kork Campus Footprints International School Library Network Toul Kork Campus TK Primary Library Room(4th Floor), Bookcase 3&4, Shelves 17-32, Yellow Books 04/11/2024   MAE 582.0166 QK827.M33 FISBK02347 04/11/2024 04/11/2024 Books